00651nam a2200193Ia 4500952015500000999001500155003000400170005001700174008004100191020001500232040000900247082001900256100002400275245005100299260004100350300000900391650001300400942004400413 00102ddc40708COMPUTER SCIENCEaMESbMEScCOMPd2019-02-20g89.00l1o005.133 MCG/Jp31359r2021-03-05 00:00:00s2021-03-04w2019-02-20yBKzGL31R3 c8924d8924OSt20201008124427.0190216s9999||||xx |||||||||||||| ||und|| a8177225014 coclc a005.133bMCG/J aMcgrath, Mike95475 0aJava Programming In Easy Steps /cMike Mcgrath bDream Tech Press,aNew Delhi:c2006. a192p aComputer cBK2ddch005.133iMCG/Jk005.133mMCG/J